| 000 | 01328nam0a22002891 4500 | ||
|---|---|---|---|
| 001 | rc\3327054 | ||
| 005 | 20260407124353.0 | ||
| 021 |
_aRU _b[73-19221] |
||
| 035 | _a(NLR Aleph) 007511347 | ||
| 090 |
_a7696694 _c7696694 |
||
| 100 | _a20130115d1972 |||y0rusy50 ca | ||
| 101 | 0 | _arus | |
| 102 | _aRU | ||
| 105 | _ay z ||||| | ||
| 200 | 1 |
_aИспользование провоцирующих отделение мокроты аэрозольных ингаляций для получения диагностического материала от больных туберкулезом легких _e[Метод. письмо] _fМ-во здравоохранения РСФСР. Моск. науч.-исслед. ин-т туберкулеза |
|
| 210 |
_aМосква _cБ. и. _d1972 |
||
| 215 |
_a5 с. _d21 |
||
| 300 | _aНа 1-й с. сост.: канд. мед. наук В.М. Должанский | ||
| 606 |
_aТуберкулез легких _xДиагностика бактериологическая _2psbo |
||
| 702 | 1 |
_aДолжанский _bВ.М. _4220 |
|
| 712 | 0 | 2 |
_aМосковский НИИ туберкулеза _3RU\NLR\AUTH\889965342 _9426917 |
| 801 | 0 |
_aRU _bNLR _gpsbo |
|
| 801 | 1 |
_aRU _bELAR _2rusmarc |
|
| 852 |
_aNLR _j73-6/988 |
||
| 852 |
_aNLR _j73-6/2413 |
||
| 942 | _cBOOK | ||
| 980 | _aNB | ||